[Event "4ème Open de Salon de Provence"]
[Site "Salon de Provence"]
[Date "2009.04.26"]
[Round "4.5"]
[White "Ayala, Benjamin"]
[Black "Pasquali, Dominique"]
[Result "0-1"]
[WhiteElo "1600"]
[BlackElo "1890"]
[PlyCount "81"]
[EventDate "2009.??.??"]

1. e4 c6 2. d4 d5 3. f3 e6 4. Bf4 Qb6 5. b3 Nf6 6. e5 Nfd7 7. Be3 Nxe5 8. f4
Ng6 9. Nf3 Nd7 10. c3 Bd6 11. g3 Nf6 12. Bd3 Ne4 13. Bxe4 dxe4 14. Ng5 f5 15.
Qh5 Qc7 16. Nxh7 Qf7 17. Nd2 b5 18. a4 Bb7 19. axb5 cxb5 20. Ra5 a6 21. O-O Kd7
22. Rfa1 Rxh7 23. Qe2 Ne7 24. c4 Nc6 25. R5a2 Nb4 26. Rb2 Qh5 27. Qg2 Nd3 28.
Rba2 Nb4 29. Rb2 Nd3 30. Rba2 b4 31. c5 Be7 32. Rf1 Qh3 33. Qxh3 Rxh3 34. Nc4
Bd5 35. Rc2 a5 36. Ra1 Bxc4 37. Rxc4 Kc6 38. Bd2 Rah8 39. Kf1 Rxh2 40. Be3 Rh1+
41. Bg1 0-1

[Event "4ème Open de Salon de Provence"]
[Site "Salon de Provence"]
[Date "2009.04.26"]
[Round "4.6"]
[White "Farjon, Yves"]
[Black "Jamme, Jean-Pierre"]
[Result "0-1"]
[WhiteElo "1592"]
[BlackElo "1980"]
[PlyCount "78"]
[EventDate "2009.??.??"]

1. e4 e6 2. d4 d5 3. Nd2 c5 4. exd5 cxd4 5. dxe6 Bxe6 6. Ngf3 Bb4 7. Bb5+ Nc6
8. O-O Bxd2 9. Qxd2 Nge7 10. Qxd4 O-O 11. Qxd8 Rfxd8 12. c3 h6 13. h3 Bd5 14.
Nh2 a6 15. Ba4 Nf5 16. Bb3 Be4 17. Bf4 g5 18. Bg3 Rd2 19. Nf3 Bxf3 20. gxf3
Rxb2 21. Rad1 Na5 22. Rb1 Rd2 23. f4 Rc8 24. fxg5 hxg5 25. Be5 Nh4 26. Bf6 Rc6
27. Be7 Rg6 28. Rfd1 Nxb3 29. axb3 Re2 30. Bd8 Rge6 31. c4 Nf3+ 32. Kg2 Nh4+
33. Kg3 f6 34. Rd7 b5 35. cxb5 axb5 36. b4 R2e4 37. Rd5 Rc6 38. Rb3 Rc1 39. f3
Rc2 0-1

[Event "4ème Open de Salon de Provence"]
[Site "Salon de Provence"]
[Date "2009.04.26"]
[Round "4.7"]
[White "Porte, Jacques"]
[Black "Parroco, Pierre-Jean"]
[Result "0-1"]
[WhiteElo "1580"]
[BlackElo "1737"]
[PlyCount "66"]
[EventDate "2009.??.??"]

1. e4 e5 2. Nf3 Nc6 3. d4 exd4 4. Nxd4 Nf6 5. Nxc6 bxc6 6. Bd3 d5 7. exd5 cxd5
8. O-O c6 9. Re1+ Be6 10. Bf5 Qd7 11. Bxe6 fxe6 12. Qe2 Bc5 13. Qxe6+ Qxe6 14.
Rxe6+ Kd7 15. Re2 Rae8 16. Kf1 Rxe2 17. Kxe2 Re8+ 18. Kf3 Rf8 19. Ke2 Ng4 20.
Be3 d4 21. b4 Bb6 22. h3 Nxe3 23. fxe3 dxe3 24. Nc3 Rf2+ 25. Ke1 Rxg2 26. Rd1+
Kc8 27. Ne2 Bd8 28. Rd4 Rh2 29. Kf1 Rf2+ 30. Ke1 Rh2 31. Kf1 Rxh3 32. Kg2 Rh5
33. a4 Rf5 0-1

[Event "4ème Open de Salon de Provence"]
[Site "Salon de Provence"]
[Date "2009.04.26"]
[Round "4.8"]
[White "Ducrocq, Christophe"]
[Black "Lepeigneux, Jean-Jacques"]
[Result "1/2-1/2"]
[WhiteElo "1399"]
[BlackElo "1600"]
[PlyCount "49"]
[EventDate "2009.??.??"]

1. d4 d5 2. Bf4 Nc6 3. e3 a6 4. Nf3 Bg4 5. Nbd2 Nf6 6. Be2 e6 7. h3 Bf5 8. Ne5
Bd6 9. Ndf3 Bxe5 10. Nxe5 Qe7 11. Nxc6 bxc6 12. a3 c5 13. Bd3 Bxd3 14. Qxd3 c4
15. Qd1 c5 16. Be5 O-O 17. dxc5 Ne4 18. Qd4 f6 19. Bd6 Nxd6 20. cxd6 Qxd6 21.
O-O Rab8 22. Rfb1 Rb7 23. Ra2 Rfb8 24. c3 e5 25. Qd2 1/2-1/2

[Event "4ème Open de Salon de Provence"]
[Site "Salon de Provence"]
[Date "2009.04.26"]
[Round "4.9"]
[White "Person, Claude"]
[Black "Sanchez, Frederic"]
[Result "1-0"]
[WhiteElo "1530"]
[BlackElo "1300"]
[PlyCount "128"]
[EventDate "2009.??.??"]

1. e4 d5 2. e5 c5 3. Bb5+ Bd7 4. Bxd7+ Qxd7 5. Nf3 e6 6. O-O Nc6 7. d3 Nge7 8.
c3 Ng6 9. d4 c4 10. a4 Be7 11. a5 O-O 12. Be3 Bd8 13. a6 b6 14. Qa4 Rc8 15. Qb5
Qc7 16. Nbd2 Be7 17. Ng5 h6 18. Nh3 Bd8 19. f4 Nce7 20. g4 Qc6 21. Qxc6 Rxc6
22. Nf3 Nc8 23. Kg2 Nge7 24. Rh1 f6 25. Nhg1 fxe5 26. Nxe5 Rc7 27. h4 Nc6 28.
Ng6 Rff7 29. Nf3 N8e7 30. Nfe5 Nxe5 31. Nxe5 Rf8 32. h5 Rc8 33. Rh3 Bc7 34. Rg3
Bxe5 35. dxe5 Kh7 36. Rf3 Rf7 37. Raf1 Rcf8 38. Kg3 g6 39. hxg6+ Kxg6 40. Rh1
Rh8 41. Rh5 Rhh7 42. Kh4 Rh8 43. Rg3 Rfh7 44. f5+ exf5 45. gxf5+ Kf7 46. Bd4
Rf8 47. e6+ Ke8 48. f6 Nc6 49. f7+ Ke7 50. Bg7 Rxg7 51. Rxg7 Kxe6 52. Rxh6+ Ke7
53. Rxc6 Kd7 54. Rc8 Ke7 55. Rxf8 Kxf8 56. Rg5 Kxf7 57. Rxd5 Ke6 58. Rd4 b5 59.
Kg4 Ke5 60. Kf3 Ke6 61. Ke4 Ke7 62. Ke5 Ke8 63. Ke6 b4 64. Rxc4 b3 1-0

[Event "4ème Open de Salon de Provence"]
[Site "Salon de Provence"]
[Date "2009.04.27"]
[Round "5.1"]
[White "Busson, Benoist"]
[Black "Janier, Fabrice"]
[Result "1/2-1/2"]
[WhiteElo "1994"]
[BlackElo "1984"]
[PlyCount "48"]
[EventDate "2009.??.??"]

1. e4 e5 2. d4 exd4 3. c3 d5 4. exd5 Qxd5 5. cxd4 Nc6 6. Be3 Bb4+ 7. Nc3 Nf6 8.
Nge2 Ng4 9. a3 Bxc3+ 10. Nxc3 Qd8 11. Bb5 O-O 12. Bxc6 bxc6 13. Qf3 Rb8 14. b4
f5 15. O-O f4 16. Bc1 Qxd4 17. Bb2 Ne5 18. Qe4 Qxe4 19. Nxe4 Nc4 20. Bd4 Bf5
21. Rfc1 Bxe4 22. Rxc4 Bd5 23. Rc3 a6 24. f3 Rbe8 1/2-1/2

[Event "4ème Open de Salon de Provence"]
[Site "Salon de Provence"]
[Date "2009.04.27"]
[Round "5.3"]
[White "Pasquali, Dominique"]
[Black "Girard, Jean-Pierre"]
[Result "1/2-1/2"]
[WhiteElo "1890"]
[BlackElo "1944"]
[PlyCount "81"]
[EventDate "2009.??.??"]

1. d4 Nf6 2. Nf3 b6 3. g3 Bb7 4. Bg2 e6 5. c4 Bb4+ 6. Bd2 Be7 7. Nc3 d6 8. Qc2
c5 9. dxc5 bxc5 10. Rd1 Nc6 11. O-O O-O 12. Bf4 Nh5 13. Bxd6 Bxd6 14. Nb5 Qe7
15. Nxd6 Nb4 16. Qb1 Bxf3 17. Bxf3 Rad8 18. Bxh5 Rxd6 19. Rxd6 Qxd6 20. Rd1 Qa6
21. a3 Nc6 22. Rd6 Qc8 23. e3 g6 24. Be2 f5 25. Rd2 Rd8 26. Qd1 Kf8 27. Rxd8+
Qxd8 28. Qxd8+ Nxd8 29. b4 cxb4 30. axb4 Ke7 31. Bf3 Nf7 32. c5 Ne5 33. Be2 Nc6
34. b5 Na5 35. f4 Kd7 36. Kf2 Nb3 37. c6+ Kd6 38. Bc4 Nd2 39. Bd3 Nb3 40. Bc4
Nd2 41. Bd3 1/2-1/2

[Event "4ème Open de Salon de Provence"]
[Site "Salon de Provence"]
[Date "2009.04.27"]
[Round "5.4"]
[White "Jamme, Jean-Pierre"]
[Black "Andrieu, Philippe"]
[Result "1-0"]
[WhiteElo "1980"]
[BlackElo "1946"]
[PlyCount "111"]
[EventDate "2009.??.??"]

1. d4 d5 2. c4 dxc4 3. Nc3 g6 4. Bg5 Bg7 5. e3 Nf6 6. Bxc4 O-O 7. Qb3 c6 8. a4
Nbd7 9. Nf3 Nb6 10. Be2 Be6 11. Qc2 Rc8 12. Rd1 Nbd5 13. O-O Nxc3 14. bxc3 Bf5
15. Qb3 Ne4 16. Bh4 Qc7 17. Nd2 g5 18. Bg3 Nxg3 19. fxg3 Bg6 20. Rf2 e6 21. e4
a6 22. e5 c5 23. Nc4 cxd4 24. cxd4 Be4 25. Qb4 Bd5 26. Nd6 a5 27. Qb1 Rcd8 28.
Rc1 Qe7 29. Qb6 Bc6 30. Bh5 Rxd6 31. exd6 Qxd6 32. Rd1 e5 33. d5 Qh6 34. Bxf7+
Rxf7 35. Rxf7 Kxf7 36. Qc7+ Kg8 37. dxc6 bxc6 38. Rd6 Qh5 39. Rd8+ Bf8 40. Qxe5
Qg6 41. h3 h5 42. Qc5 Qf6 43. Qc4+ Kh7 44. Qe4+ Kh8 45. Rd7 Bg7 46. Qe8+ Kh7
47. Qxh5+ Kg8 48. Kh2 c5 49. Qe8+ Bf8 50. Qh5 Bg7 51. Rd5 c4 52. Rxg5 Qe6 53.
Rxa5 c3 54. Ra8+ Bf8 55. Qg5+ Kf7 56. Qf4+ 1-0

[Event "4ème Open de Salon de Provence"]
[Site "Salon de Provence"]
[Date "2009.04.27"]
[Round "5.5"]
[White "Cattaneo, Romain"]
[Black "Ayala, Benjamin"]
[Result "1-0"]
[WhiteElo "1884"]
[BlackElo "1600"]
[PlyCount "82"]
[EventDate "2009.??.??"]

1. d4 d5 2. c4 e6 3. Nf3 c5 4. e3 Nf6 5. Nc3 Nc6 6. cxd5 exd5 7. a3 Bg4 8. Be2
c4 9. Qa4 a6 10. Ne5 Bd7 11. Nxd7 Qxd7 12. b4 Be7 13. b5 Nb8 14. Bd1 O-O 15.
bxa6 Rxa6 16. Qxd7 Nbxd7 17. O-O Rfa8 18. Nb5 Ra5 19. Rb1 Rc8 20. Bd2 Ra6 21.
Bb4 Bxb4 22. Rxb4 Ne4 23. Bc2 Nd2 24. Rd1 c3 25. a4 g6 26. Nxc3 Rxc3 27. Rxd2
Rac6 28. Bd1 Rc1 29. g3 Nf6 30. Kg2 Ne4 31. Rd3 Rf6 32. Bf3 Ng5 33. Bd1 Ne4 34.
Rb2 Rc4 35. Ra3 Rc1 36. Bf3 Nc3 37. Rxb7 Rc2 38. Rc7 Nb1 39. Rxc2 Nxa3 40. Rc8+
Kg7 41. Bxd5 Nb1 1-0

[Event "4ème Open de Salon de Provence"]
[Site "Salon de Provence"]
[Date "2009.04.27"]
[Round "5.6"]
[White "Parroco, Pierre-Jean"]
[Black "Faure, Alexandre"]
[Result "0-1"]
[WhiteElo "1737"]
[BlackElo "1480"]
[PlyCount "70"]
[EventDate "2009.??.??"]

1. e4 e6 2. d3 d5 3. Nd2 Nf6 4. Ngf3 Nc6 5. g3 Be7 6. Bg2 O-O 7. O-O h6 8. b3
Re8 9. e5 Nd7 10. d4 f6 11. Bb2 fxe5 12. dxe5 a6 13. a3 Na7 14. Nd4 Nxe5 15.
Nxe6 Bxe6 16. Bxe5 Bf7 17. Nf3 Bh5 18. Qd2 Bg5 19. Nxg5 Rxe5 20. f4 Re2 21.
Qxd5+ Qxd5 22. Bxd5+ Kh8 23. Bxb7 Rd8 24. Bxa6 Rxc2 25. Nh3 Nc6 26. Rac1 Rdd2
27. Rxc2 Rxc2 28. Re1 Nd4 29. Bb7 c6 30. Bc8 Nf3+ 31. Kf1 Nxh2+ 32. Kg1 Nf3+
33. Kf1 Nxe1 34. Kxe1 Rc3 35. Be6 Re3+ 0-1

[Event "4ème Open de Salon de Provence"]
[Site "Salon de Provence"]
[Date "2009.04.27"]
[Round "5.7"]
[White "Lepeigneux, Jean-Jacques"]
[Black "Farjon, Yves"]
[Result "1-0"]
[WhiteElo "1600"]
[BlackElo "1592"]
[PlyCount "111"]
[EventDate "2009.??.??"]

1. e4 c6 2. Bc4 d5 3. exd5 cxd5 4. Bb5+ Nc6 5. c3 a6 6. Ba4 Bf5 7. d4 e6 8. Nf3
b5 9. Bc2 Bxc2 10. Qxc2 Nf6 11. Bg5 Be7 12. O-O O-O 13. Bxf6 Bxf6 14. Nbd2 Rc8
15. Qd3 Na5 16. b3 Rb8 17. Rfc1 Qb6 18. Rcb1 Nc6 19. b4 Rfc8 20. Nb3 Rc7 21.
Nc5 Rbc8 22. a4 Be7 23. Nxa6 Qxa6 24. axb5 Nxb4 25. cxb4 Qxa1 26. Rxa1 Rc1+ 27.
Rxc1 Rxc1+ 28. Qf1 Rxf1+ 29. Kxf1 Bxb4 30. b6 f6 31. Nd2 Kf8 32. Nb3 Bd6 33.
Nc5 Ke7 34. b7 Kd8 35. Na6 e5 36. b8=Q+ Bxb8 37. Nxb8 Kc7 38. Na6+ Kb6 39. Nb4
exd4 40. Nxd5+ Kc5 41. Nf4 g5 42. Nd3+ Kc4 43. Ke2 h5 44. f3 Kc3 45. Nf2 Kc2
46. Ne4 d3+ 47. Ke1 f5 48. Nd2 Kc1 49. Nf1 Kc2 50. g3 g4 51. fxg4 fxg4 52. Kf2
d2 53. Ne3+ Kd3 54. Nd1 Kc2 55. Ke2 Kc1 56. Ne3 1-0

[Event "4ème Open de Salon de Provence"]
[Site "Salon de Provence"]
[Date "2009.04.27"]
[Round "5.8"]
[White "Sanchez, Frederic"]
[Black "Ducrocq, Christophe"]
[Result "1-0"]
[WhiteElo "1300"]
[BlackElo "1399"]
[PlyCount "71"]
[EventDate "2009.??.??"]

1. d4 d5 2. Bf4 Bf5 3. e3 e6 4. Nf3 Bd6 5. Bxd6 Qxd6 6. c3 Nc6 7. Qb3 b6 8. Qa4
Nge7 9. Ne5 O-O 10. Nxc6 Qxc6 11. Bb5 Qd6 12. Nd2 a5 13. O-O Bg4 14. Rfc1 c6
15. Bd3 f5 16. f4 Rf6 17. g3 b5 18. Qc2 a4 19. b3 c5 20. Bxb5 cxd4 21. exd4
axb3 22. axb3 Rxa1 23. Rxa1 Qb6 24. Ra8+ Kf7 25. Be8+ Kg8 26. Bh5+ Rf8 27.
Rxf8+ Kxf8 28. Bxg4 fxg4 29. Qxh7 Nf5 30. Qh8+ Ke7 31. Qa8 Nxd4 32. Qa3+ Kf6
33. Kf1 Nf3 34. Nxf3 gxf3 35. Qb2 Qb5+ 36. c4+ 1-0

[Event "4ème Open de Salon de Provence"]
[Site "Salon de Provence"]
[Date "2009.04.27"]
[Round "5.9"]
[White "Bourlet, Eric"]
[Black "Porte, Jacques"]
[Result "0-1"]
[WhiteElo "1499"]
[BlackElo "1580"]
[PlyCount "90"]
[EventDate "2009.??.??"]

1. d4 Nf6 2. Bg5 e6 3. Nd2 Be7 4. Ngf3 c6 5. e3 d5 6. Bd3 Nbd7 7. b3 Qc7 8. c4
b6 9. Bf4 Qd8 10. Rc1 Nh5 11. cxd5 Nxf4 12. exf4 cxd5 13. Ne5 Nxe5 14. fxe5 a6
15. O-O b5 16. Rc3 Bd7 17. Qc2 b4 18. Rc7 g6 19. Rc1 O-O 20. Rb7 Rc8 21. Rc7 a5
22. Ba6 Rb8 23. Rb7 Bg5 24. Qc7 Rxb7 25. Qxb7 Bxd2 26. Rc7 Bc8 27. Rxc8 Qxc8
28. Qxc8 Rxc8 29. Bxc8 Bc3 30. f4 Bxd4+ 31. Kf1 g5 32. g3 gxf4 33. Kg2 fxg3 34.
hxg3 Bxe5 35. Kf3 Kg7 36. Kg4 h5+ 37. Kh4 Kf6 38. Ba6 Bd6 39. Be2 d4 40. Bxh5
d3 41. g4 Bf4 42. Kh3 Kg5 43. Bxf7 d2 44. Bxe6 d1=Q 45. Kg2 Qe2+ 0-1

[Event "4ème Open de Salon de Provence"]
[Site "Salon de Provence"]
[Date "2009.04.27"]
[Round "6.1"]
[White "Jamme, Jean-Pierre"]
[Black "Canonge, Jerome"]
[Result "1/2-1/2"]
[WhiteElo "1980"]
[BlackElo "1893"]
[PlyCount "56"]
[EventDate "2009.??.??"]

1. d4 d5 2. c4 c6 3. Nc3 Nf6 4. Nf3 e6 5. Bg5 Be7 6. e3 Nbd7 7. Bd3 dxc4 8.
Bxc4 b5 9. Bb3 a6 10. O-O Bb7 11. Qe2 c5 12. Bxf6 Nxf6 13. dxc5 Bxc5 14. Ne5
O-O 15. Kh1 Qc7 16. Ng4 Nxg4 17. Qxg4 Rad8 18. Ne4 Bxe4 19. Qxe4 Rd2 20. Bc2 g6
21. Rac1 Rfd8 22. Qf3 Qe5 23. g3 Bb4 24. b3 Ba3 25. Rcd1 Qb2 26. Rxd2 Rxd2 27.
Bb1 Kg7 28. Kg1 Bc5 1/2-1/2

[Event "4ème Open de Salon de Provence"]
[Site "Salon de Provence"]
[Date "2009.04.27"]
[Round "6.2"]
[White "Janier, Fabrice"]
[Black "Girard, Jean-Pierre"]
[Result "1-0"]
[WhiteElo "1984"]
[BlackElo "1944"]
[PlyCount "61"]
[EventDate "2009.??.??"]

1. d4 Nf6 2. Nf3 b6 3. Bg5 Ne4 4. Bh4 g6 5. Nbd2 Bb7 6. Nxe4 Bxe4 7. Nd2 Bb7 8.
e4 Bg7 9. c3 d6 10. Bd3 Nd7 11. O-O c5 12. d5 a6 13. a4 O-O 14. f4 Re8 15. Qe2
Qc7 16. Bc4 Bf6 17. Bg3 Bg7 18. Nf3 e6 19. dxe6 fxe6 20. f5 gxf5 21. exf5 Kh8
22. Ng5 Qc6 23. Bxe6 Re7 24. Nf7+ Rxf7 25. Bxf7 Nf6 26. c4 d5 27. Bxd5 Nxd5 28.
cxd5 Qxd5 29. f6 Qd4+ 30. Kh1 Bf8 31. f7 1-0

[Event "4ème Open de Salon de Provence"]
[Site "Salon de Provence"]
[Date "2009.04.27"]
[Round "6.3"]
[White "Lauret, Patrick"]
[Black "Busson, Benoist"]
[Result "1/2-1/2"]
[WhiteElo "1803"]
[BlackElo "1994"]
[PlyCount "84"]
[EventDate "2009.??.??"]

1. Nf3 Nc6 2. d4 d5 3. g3 Bf5 4. Bg2 Nb4 5. Na3 e6 6. c3 Na6 7. Qb3 Qc8 8. Bf4
Nf6 9. Ne5 Be7 10. O-O O-O 11. c4 c6 12. Rac1 Nc7 13. Nc2 h6 14. cxd5 exd5 15.
Bd2 Rb8 16. Ne1 Bh3 17. N1f3 Bxg2 18. Kxg2 Qf5 19. Qc2 Qxc2 20. Rxc2 Ne6 21. e3
c5 22. dxc5 Bxc5 23. Rfc1 Bd6 24. Bc3 Rbc8 25. Bd2 Rxc2 26. Rxc2 Ne4 27. Be1
Kh7 28. Nd7 Rd8 29. Nde5 Bxe5 30. Nxe5 d4 31. exd4 Nxd4 32. Rc7 f6 33. Nd7 Nc2
34. Nxf6+ Nxf6 35. Rxc2 Rd7 36. Bc3 Kg6 37. Re2 Kf7 38. a3 a6 39. h4 h5 40. Re5
g6 41. Re3 Nd5 42. Rf3+ Ke6 1/2-1/2

[Event "4ème Open de Salon de Provence"]
[Site "Salon de Provence"]
[Date "2009.04.27"]
[Round "6.4"]
[White "Pasquali, Dominique"]
[Black "Cattaneo, Romain"]
[Result "1/2-1/2"]
[WhiteElo "1890"]
[BlackElo "1884"]
[PlyCount "58"]
[EventDate "2009.??.??"]

1. d4 f5 2. Nf3 e6 3. c4 Nf6 4. Nc3 Bb4 5. Qc2 b6 6. g3 Bb7 7. Bg2 d6 8. O-O
Bxc3 9. Qxc3 Ne4 10. Qc2 Nd7 11. Ng5 Nxg5 12. Bxb7 Rb8 13. Bc6 h6 14. d5 Qe7
15. dxe6 Qxe6 16. f3 Kd8 17. e4 fxe4 18. fxe4 Ne5 19. Bd5 Ngf3+ 20. Kg2 Qg4 21.
Bf4 Qh5 22. Kh1 Ke7 23. Bxe5 Nxe5 24. Rf5 g5 25. Raf1 c6 26. Bf7 Qg4 27. Qg2
Nxf7 28. Rxf7+ Ke6 29. h3 Qh5 1/2-1/2

[Event "4ème Open de Salon de Provence"]
[Site "Salon de Provence"]
[Date "2009.04.27"]
[Round "6.5"]
[White "Faure, Alexandre"]
[Black "Lepeigneux, Jean-Jacques"]
[Result "1-0"]
[WhiteElo "1480"]
[BlackElo "1600"]
[PlyCount "21"]
[EventDate "2009.??.??"]

1. e4 c5 2. c3 e6 3. d4 d5 4. Nd2 a6 5. Bd3 Nc6 6. Ndf3 Qa5 7. Bd2 Qb6 8. Bc1
cxd4 9. cxd4 Nxd4 10. Nxd4 Qxd4 11. Bb5+ 1-0

[Event "4ème Open de Salon de Provence"]
[Site "Salon de Provence"]
[Date "2009.04.27"]
[Round "6.6"]
[White "Andrieu, Philippe"]
[Black "Parroco, Pierre-Jean"]
[Result "1-0"]
[WhiteElo "1946"]
[BlackElo "1737"]
[PlyCount "37"]
[EventDate "2009.??.??"]

1. d4 Nf6 2. Bg5 h6 3. Bxf6 exf6 4. e3 d5 5. Bd3 Be6 6. Nd2 Nd7 7. Ne2 Bd6 8.
c3 Qe7 9. Qc2 c5 10. c4 dxc4 11. Nxc4 Bxc4 12. Bxc4 cxd4 13. Nxd4 Bb4+ 14. Kf1
O-O 15. Nf5 Qe8 16. Nxh6+ gxh6 17. Qg6+ Kh8 18. Qxh6+ Kg8 19. Bd3 1-0

[Event "4ème Open de Salon de Provence"]
[Site "Salon de Provence"]
[Date "2009.04.27"]
[Round "6.7"]
[White "Ayala, Benjamin"]
[Black "Person, Claude"]
[Result "1-0"]
[WhiteElo "1600"]
[BlackElo "1530"]
[PlyCount "123"]
[EventDate "2009.??.??"]

1. e4 d6 2. Bc4 Bd7 3. c3 b5 4. Bd5 c6 5. Bb3 e6 6. Nf3 e5 7. d4 Bg4 8. dxe5
Be7 9. Bf4 g5 10. Bg3 dxe5 11. Qxd8+ Bxd8 12. Bxf7+ Kxf7 13. Nxe5+ Ke6 14. Nxg4
Nd7 15. O-O h5 16. Ne3 h4 17. Nf5 hxg3 18. Nxg3 Bb6 19. Ne2 Ngf6 20. Nd2 Ng4
21. Nf3 Rag8 22. h3 Ngf6 23. Ned4+ Bxd4 24. Nxd4+ Kd6 25. f3 a6 26. Rad1 Re8
27. Nxb5+ Kc5 28. Nd4 Nh5 29. Nb3+ Kb6 30. Rxd7 Nf4 31. Rg7 Ne6 32. Rg6 c5 33.
Rd1 Kc7 34. Rd5 c4 35. Nd2 Nf4 36. Rg7+ Kc6 37. Rdxg5 Ne6 38. R7g6 Kb7 39. Re5
Nf4 40. Rxe8 Rxe8 41. Rg7+ Kc6 42. Nxc4 Ne6 43. Rg6 Kc5 44. Ne3 Kb5 45. g3 a5
46. h4 Kc5 47. h5 Kb5 48. h6 Nc5 49. Rg5 Rh8 50. Rh5 Rh7 51. b4 axb4 52. cxb4
Kxb4 53. Nd5+ Kc4 54. Nf6 Rf7 55. h7 Rxf6 56. h8=Q Rxf3 57. Qg8+ Kb5 58. a4+
Kb4 59. Qb8+ Kc4 60. Qb5+ Kd4 61. Qxc5+ Kxe4 62. Qd5+ 1-0

[Event "4ème Open de Salon de Provence"]
[Site "Salon de Provence"]
[Date "2009.04.27"]
[Round "6.8"]
[White "Porte, Jacques"]
[Black "Sanchez, Frederic"]
[Result "1-0"]
[WhiteElo "1580"]
[BlackElo "1300"]
[PlyCount "79"]
[EventDate "2009.??.??"]

1. e4 d5 2. exd5 Qxd5 3. Nc3 Qa5 4. d4 c6 5. Nf3 Nf6 6. Bd2 Qc7 7. Bd3 e6 8.
O-O Nbd7 9. Ne2 Bd6 10. Ng3 b6 11. Re1 O-O 12. c3 c5 13. Rc1 Bb7 14. Ne4 Nxe4
15. Bxe4 Bxe4 16. Rxe4 Nf6 17. Rh4 h6 18. Bxh6 Be7 19. Bf4 Bd6 20. Bxd6 Qxd6
21. Ne5 Rac8 22. Qd3 Rfd8 23. Rh8+ Kxh8 24. Nxf7+ Kg8 25. Nxd6 Rxd6 26. Re1
Rcd8 27. f3 cxd4 28. c4 Kf7 29. b4 Nh5 30. g3 Nf6 31. a4 Rc8 32. Re5 Nd7 33.
Rg5 Nf8 34. h4 Nd7 35. Qg6+ Ke7 36. Qd3 Rg8 37. c5 bxc5 38. bxc5 Rc6 39. Qxd4
e5 40. Qd5 1-0

[Event "4ème Open de Salon de Provence"]
[Site "Salon de Provence"]
[Date "2009.04.27"]
[Round "6.9"]
[White "Ducrocq, Christophe"]
[Black "Bourlet, Eric"]
[Result "1-0"]
[WhiteElo "1399"]
[BlackElo "1499"]
[PlyCount "45"]
[EventDate "2009.??.??"]

1. d4 d5 2. Bf4 c5 3. e3 e6 4. Nf3 Nc6 5. Bb5 Bd7 6. Bxc6 Bxc6 7. Nbd2 Bb5 8.
Ne5 Qc7 9. Ng6 hxg6 10. Bxc7 b6 11. a4 Ba6 12. c3 Nh6 13. dxc5 Bxc5 14. b4 Be7
15. b5 Bb7 16. O-O Nf5 17. Bg3 Nxg3 18. hxg3 f6 19. Qg4 Kf7 20. Nf3 f5 21. Ne5+
Kf6 22. Qd4 Rh6 23. Ng4+ 1-0

[Event "4ème Open de Salon de Provence"]
[Site "Salon de Provence"]
[Date "2009.04.28"]
[Round "7.1"]
[White "Janier, Fabrice"]
[Black "Jamme, Jean-Pierre"]
[Result "1-0"]
[WhiteElo "1984"]
[BlackElo "1980"]
[PlyCount "105"]
[EventDate "2009.??.??"]

1. d4 e6 2. Nf3 f5 3. g3 Nf6 4. Bg2 c6 5. O-O Bb4 6. c3 Ba5 7. b3 O-O 8. Ba3
Re8 9. Qc2 Ne4 10. Nfd2 Ng5 11. e4 Qf6 12. f4 Nf7 13. e5 Qg6 14. Nc4 Bd8 15.
Nbd2 Na6 16. Nd6 Nxd6 17. Bxd6 Nc7 18. c4 Kh8 19. b4 Rg8 20. a4 Ne8 21. b5 Nxd6
22. exd6 Bf6 23. Nf3 Qe8 24. Ne5 Qf8 25. c5 g5 26. Kh1 Qg7 27. Rab1 h5 28. Qe2
Qh7 29. Rb3 Bxe5 30. Qxe5+ Qg7 31. a5 Kh7 32. Qxg7+ Rxg7 33. Rfb1 a6 34. bxc6
dxc6 35. fxg5 Kg6 36. h4 Rf7 37. Rf1 Ra7 38. Bf3 Bd7 39. Be2 Rh7 40. Bc4 Rh8
41. Re3 Re8 42. Rfe1 Kf7 43. Re5 Raa8 44. Rxf5+ Kg7 45. Rf6 Rf8 46. Ref1 Rxf6
47. Rxf6 Re8 48. Kg2 Bc8 49. Kf3 Rf8 50. Rxf8 Kxf8 51. Kf4 Kg7 52. Ke5 Bd7 53.
Bxe6 1-0

[Event "4ème Open de Salon de Provence"]
[Site "Salon de Provence"]
[Date "2009.04.28"]
[Round "7.2"]
[White "Canonge, Jerome"]
[Black "Faure, Alexandre"]
[Result "1/2-1/2"]
[WhiteElo "1893"]
[BlackElo "1480"]
[PlyCount "58"]
[EventDate "2009.??.??"]

1. d4 d5 2. Bg5 h6 3. Bh4 Bf5 4. e3 Qd6 5. Nd2 e6 6. Ngf3 Qb6 7. Qc1 Be7 8. Bg3
Bd6 9. Bxd6 cxd6 10. Bd3 Bxd3 11. cxd3 Nc6 12. O-O Nf6 13. a3 O-O 14. b4 a5 15.
bxa5 Rxa5 16. Qc3 Rc8 17. Rfb1 Rb5 18. Rxb5 Qxb5 19. Rb1 Qa5 20. Qb3 Rc7 21. h3
e5 22. dxe5 dxe5 23. e4 Nd4 24. Nxd4 Qxd2 25. Nf3 Rc1+ 26. Rxc1 Qxc1+ 27. Kh2
Qf4+ 28. Kg1 Qc1+ 29. Kh2 Qf4+ 1/2-1/2

[Event "4ème Open de Salon de Provence"]
[Site "Salon de Provence"]
[Date "2009.04.28"]
[Round "7.3"]
[White "Busson, Benoist"]
[Black "Pasquali, Dominique"]
[Result "1/2-1/2"]
[WhiteElo "1994"]
[BlackElo "1890"]
[PlyCount "109"]
[EventDate "2009.??.??"]

1. e4 c6 2. d4 d5 3. f3 e6 4. Nc3 Bb4 5. a3 Bxc3+ 6. bxc3 dxe4 7. Qe2 e3 8.
Qxe3 Nf6 9. c4 O-O 10. Bd3 Nbd7 11. Ne2 c5 12. c3 Qc7 13. O-O cxd4 14. cxd4 b6
15. Bb2 Bb7 16. Qg5 Rfd8 17. Ng3 h6 18. Qh4 Nf8 19. Ne4 N6h7 20. Qf2 Rac8 21.
Rac1 Qe7 22. Rfe1 Ng5 23. h4 Nxe4 24. fxe4 Ng6 25. g3 Ne5 26. Bf1 Ng4 27. Qf4
h5 28. e5 Qd7 29. Bg2 Bxg2 30. Kxg2 Qa4 31. Rf1 Nh6 32. d5 exd5 33. Qg5 d4 34.
Qxh5 Rxc4 35. e6 Rxc1 36. exf7+ Kf8 37. Bxc1 Qc6+ 38. Kg1 d3 39. a4 Qc5+ 40.
Qxc5+ bxc5 41. Ba3 Rd5 42. Kf2 Ng4+ 43. Kf3 Rf5+ 44. Kxg4 Rxf1 45. Bxc5+ Kxf7
46. Be3 Ra1 47. Kf3 Rxa4 48. Bc5 d2 49. Ke2 Ra2 50. Be3 Ke6 51. g4 g6 52. h5
gxh5 53. gxh5 Kf5 54. h6 Kg6 55. Bxd2 1/2-1/2

[Event "4ème Open de Salon de Provence"]
[Site "Salon de Provence"]
[Date "2009.04.28"]
[Round "7.4"]
[White "Cattaneo, Romain"]
[Black "Andrieu, Philippe"]
[Result "1/2-1/2"]
[WhiteElo "1884"]
[BlackElo "1946"]
[PlyCount "155"]
[EventDate "2009.??.??"]

1. d4 d5 2. c4 dxc4 3. Qa4+ Nc6 4. e3 Bd7 5. Qxc4 e6 6. Nf3 Nf6 7. Bd3 Nb4 8.
Be2 a6 9. Bd2 Bb5 10. Qb3 Bxe2 11. Bxb4 Bxf3 12. gxf3 Qd5 13. Bxf8 Qxf3 14.
Bxg7 Qxh1+ 15. Ke2 Rg8 16. Bxf6 Rg6 17. Bh4 Rg1 18. Qb4 c5 19. Qxc5 Re1+ 20.
Kd3 Qf1+ 21. Ke4 Qg2+ 22. Kd3 Qf1+ 23. Ke4 Qg2+ 24. Kd3 f6 25. Bxf6 Rd1+ 26.
Kc2 Qxf2+ 27. Kxd1 Qxf6 28. Nd2 Qg6 29. Qc4 Rd8 30. Rc1 Qg1+ 31. Nf1 Qg4+ 32.
Qe2 Qg5 33. Ng3 Kf8 34. Qf3+ Kg8 35. Rc5 Qxc5 36. Qg4+ Kf7 37. Qh4 Qf8 38.
Qxh7+ Qg7 39. Qxg7+ Kxg7 40. Ke2 Rh8 41. Nf1 Kf7 42. Kd3 Rc8 43. Nd2 Rh8 44.
Ne4 Ke7 45. a4 Rxh2 46. b3 b6 47. a5 Rh5 48. axb6 Rb5 49. Nc5 Rxb6 50. Kc4 a5
51. Nd3 Kd6 52. e4 Kc6 53. Ne5+ Kc7 54. Nd3 Rd6 55. Nc5 Kb6 56. Na4+ Kc7 57.
Nc5 Rb6 58. Nd3 Kd6 59. b4 a4 60. Kc3 Rc6+ 61. Nc5 Rc7 62. Kb2 Ra7 63. Ka3 Rc7
64. Kxa4 Rh7 65. Kb5 Rh1 66. Nb7+ Kc7 67. Na5 Rh4 68. Kc5 Rxe4 69. b5 Re1 70.
b6+ Kb8 71. Nc6+ Kb7 72. Nd8+ Kb8 73. Kd6 Re4 74. Kc5 Re1 75. Kd6 Rd1 76. Nxe6
Kb7 77. d5 Kxb6 78. Nc5 1/2-1/2

[Event "4ème Open de Salon de Provence"]
[Site "Salon de Provence"]
[Date "2009.04.28"]
[Round "7.5"]
[White "Girard, Jean-Pierre"]
[Black "Lauret, Patrick"]
[Result "1-0"]
[WhiteElo "1944"]
[BlackElo "1803"]
[PlyCount "63"]
[EventDate "2009.??.??"]

1. e4 c5 2. Nf3 Nc6 3. d4 cxd4 4. Nxd4 g6 5. Be3 Bg7 6. Nc3 Nf6 7. Bc4 Qa5 8.
O-O O-O 9. Bb3 d6 10. f3 Bd7 11. Qd2 Qh5 12. Nce2 Qa5 13. Nxc6 Qxd2 14. Nxe7+
Kh8 15. Bxd2 a5 16. a4 b5 17. axb5 Bxb5 18. Kf2 a4 19. Bd5 Ra7 20. Nc6 Rc7 21.
c4 Bxc4 22. Bxc4 Rxc6 23. Rxa4 Nd7 24. Bb5 Rc2 25. Rd1 Nc5 26. Rb4 Bxb2 27.
Rxb2 Rxb2 28. Bc3+ Kg8 29. Bxb2 Rb8 30. Rxd6 Ne6 31. Nd4 Nf4 32. Nc6 1-0